000 00548nam a22002057a 4500
003 OSt
005 20140310184429.0
008 131008t xxu||||| |||| 00| 0 eng d
020 _a9780439691475
050 _aPZ 7
_b.St857Vdd 2006
100 _aStilton, Geronimo
245 _aValentine's day disaster /
_bGeronimo Stilton.
260 _aNew York :
_bScholastic Inc.,
_c2006
300 _a91 p. :
_bill. col. ;
_c20 cm.
521 _aG3
526 _c540
650 _aFiction
_xJuvenile
_926638
942 _2lcc
_cBK-SCHOLAS
999 _c34322
_d34322